000 02427cam a22004817a 4500
003 CHAP
005 20220329135353.0
008 971013s1983 r 00010 d
010 _a35207
011 _a36179
035 _a40298
040 _cCHAP
082 _a972.083
_bM4 1982-83
110 _aMéxico. Presidente,
_d1982-88 (Madrid Hurtado)
_977096
245 0 _aInforme de gobierno (1o.)
260 _aMéxico, D.F. :
_bSecretaría de Programación y Presupuesto,
_c1983
300 _a15 v
500 _aLa biblioteca tiene: v.1 Informe.- v.2 Informe complementario.- v.3 Sector agropecuario y forestal.- v.4 Sector comercio y fomento industrial v.5 Sector comunicaciones y transporte.- v.6 Sector Desarrollo urbano y Ecología.- v.7 Sector educativo.- v.8
590 _aBATCH-UPD
_b10
_c20130110
_lUCH01
_h1508
590 _aBATCH-UPD
_b10
_c20130410
_lUCH01
_h0927
590 _aBATCH-UPD
_b10
_c20130914
_lUCH01
_h1739
590 _aBATCH-UPD
_b10
_c20161124
_lUCH01
_h1709
590 _aCONVERSION
_b10
_c20130109
_lUCH01
_h1320
651 4 _aMéxico
_xPolítica y gobierno.
_976783
700 0 _aMadrid Hurtado, Miguel de la.
_969704
901 _aBK
942 _cLIBRO
949 _a972.083 M4 1982-83
_bBC
_cC
_d33724000421590
_eC
_fv.7
_h60920
_i40298
_si
949 _a972.083 M4 1982-83
_bBC
_cC
_d33724000421897
_eC
_fv.5
_h60918
_i40298
_si
949 _a972.083 M4 1982-83
_bBC
_cC
_d33724000653127
_eC
_fv.12
_h60925
_i40298
_si
949 _a972.083 M4 1982-83
_bBC
_cC
_d33724000653309
_eC
_fv.2
_h60915
_i40298
_si
949 _a972.083 M4 1982-83
_bBC
_cC
_d33724000657367
_eC
_fv.1
_h60914
_i40298
_si
949 _a972.083 M4 1982-83
_bBC
_cC
_d33724000657383
_eC
_fv.3
_h60916
_i40298
_si
949 _a972.083 M4 1982-83
_bBC
_cC
_d33724000657391
_eC
_fv.9
_h60922
_i40298
_si
949 _a972.083 M4 1982-83
_bBC
_cC
_d33724000657409
_eC
_fv.15
_h60928
_i40298
_si
949 _a972.083 M4 1982-83
_bBC
_cC
_d33724000657417
_eC
_fv.13
_h60926
_i40298
_si
949 _a972.083 M4 1982-83
_bBC
_cC
_d33724000657425
_eC
_fv.6
_h60919
_i40298
_si
949 _a972.083 M4 1982-83
_bBC
_cC
_d33724000657433
_eC
_fv.8
_h60921
_i40298
_si
949 _a972.083 M4 1982-83
_bBC
_cC
_d33724000657458
_eC
_fv.14
_h60927
_i40298
_si
949 _a972.083 M4 1982-83
_bBC
_cC
_d33724000657466
_eC
_fv.11
_h60924
_i40298
_si
949 _a972.083 M4 1982-83
_bBC
_cC
_d33724000657474
_eC
_fv.4
_h60917
_i40298
_si
949 _a972.083 M4 1982-83
_bBC
_cC
_d33724000657524
_eC
_fv.10
_h60923
_i40298
_si
999 _c35207
_d35207